Normal view
MARC view
Entry Personal Name
001 - CONTROL NUMBER
- control field: 45634
003 - CONTROL NUMBER IDENTIFIER
- control field: dpl
005 - DATE AND TIME OF LATEST TRANSACTION
- control field: 20120424115159.0
008 - FIXED-LENGTH DATA ELEMENTS
- fixed length control field: 120424|||a|||||| | ||| d
040 ## - CATALOGING SOURCE
- Original cataloging agency: dpl
- Transcribing agency: dpl
100 ## - HEADING--PERSONAL NAME
- Personal name: Jairath, Madhu Sudan
670 ## - SOURCE DATA FOUND
- Source citation: Work cat.: (dpl): Jairath, Madhu Sudan, Tribal economy and society /, 1991
670 ## - SOURCE DATA FOUND
- Source citation: Work cat.: (dpl): Jairath, Madhu Sudan, Tribal economy and society /, 1991
